[Event "VIE-ch U15"]
[Site "Ho Chi Minh City"]
[Date "2014.07.17"]
[Round "8"]
[White "Le, Dang Hong Phuc"]
[Black "Le, Minh Hoang"]
[Result "0-1"]
[WhiteElo "1912"]
[BlackElo "1963"]
[PlyCount "111"]
[EventDate "2014.07.13"]
[EventType "swiss"]
[EventRounds "9"]
[EventCountry "VIE"]
[SourceTitle "EXT 2016"]
[Source "ChessBase"]
[SourceDate "2015.10.08"]
[SourceVersion "1"]
[SourceVersionDate "2015.10.08"]
[SourceQuality "1"]

1. d4 d5 2. c4 c6 3. Nf3 Nf6 4. e3 Bg4 5. h3 Bh5 6. Be2 e6 7. Nc3 Nbd7 8. 0-0 Bd6 9. b3 0-0 10. Bb2 a6 11. Ne5 Bxe2 12. Nxe2 Qc7 13. Nxd7 Qxd7 14. Nc3 b5 15. Qc2 Rab8 16. Rac1 Rfc8 17. Qe2 Bb4 18. Rfd1 Qe7 19. Rc2 h6 20. Rdc1 Qd7 21. Kh1 Qe8 22. Kg1 Qd7 23. a4 Bxc3 24. Bxc3 Ne8 25. axb5 axb5 26. Be1 bxc4 27. bxc4 Nd6 28. cxd5 cxd5 29. Rxc8+ Rxc8 30. Rxc8+ Qxc8 31. Qd2 Qc6 32. Qc3 Nc4 33. Qb4 Qc7 34. Qb5 Kh7 35. Qb1+ Kg8 36. Qb4 Qb6 37. Qxb6 Nxb6 38. Bb4 f5 39. f3 Kf7 40. Kf2 Kf6 41. Ke2 g6 42. Kd3 h5 43. Ba5 Nc4 44. Bd8+ Kf7 45. e4 fxe4+ 46. fxe4 Nb2+ 47. Kc3 Nd1+ 48. Kd2 Nf2 49. exd5 Ne4+ 50. Ke3 exd5 51. Kf4 Ke6 52. g4 hxg4 53. hxg4 Nd6 54. Ba5 Nf7 55. Bb4 Kd7 56. g5 0-1

[Event "VIE-ch U15"]
[Site "Ho Chi Minh City"]
[Date "2014.07.14"]
[Round "3"]
[White "Phan Ba Thanh, Cong"]
[Black "Le, Dang Hong Phuc"]
[Result "1/2-1/2"]
[WhiteElo "1841"]
[BlackElo "1912"]
[PlyCount "71"]
[EventDate "2014.07.13"]
[EventType "swiss"]
[EventRounds "9"]
[EventCountry "VIE"]
[SourceTitle "EXT 2016"]
[Source "ChessBase"]
[SourceDate "2015.10.08"]
[SourceVersion "1"]
[SourceVersionDate "2015.10.08"]
[SourceQuality "1"]

1. e4 c5 2. Nf3 d6 3. d4 cxd4 4. Nxd4 Nf6 5. Nc3 a6 6. Be3 e6 7. f3 b5 8. Qd2 Nbd7 9. 0-0-0 Bb7 10. g4 Nb6 11. Qf2 Nfd7 12. Kb1 Rc8 13. Nb3 Rxc3 14. bxc3 Na4 15. Bd2 Qc7 16. Qd4 Ne5 17. Be2 Nc4 18. Bxc4 bxc4 19. Rhe1 e5 20. Qe3 cxb3 21. cxb3 Nc5 22. Bc1 Be7 23. Qf2 0-0 24. Ba3 Bc6 25. Bxc5 dxc5 26. c4 a5 27. a4 Rb8 28. Ka2 Qb6 29. Qc2 Bd8 30. Rd3 Bc7 31. Red1 Re8 32. Qc3 Re6 33. Qd2 h6 34. Qe3 Qb4 35. Qc1 Rf6 36. Qc2 1/2-1/2

[Event "VIE-ch U15"]
[Site "Ho Chi Minh City"]
[Date "2014.07.13"]
[Round "2"]
[White "Le, Dang Hong Phuc"]
[Black "Phan, Ba Viet"]
[Result "1-0"]
[WhiteElo "1912"]
[BlackElo "1764"]
[PlyCount "57"]
[EventDate "2014.07.13"]
[EventType "swiss"]
[EventRounds "9"]
[EventCountry "VIE"]
[SourceTitle "EXT 2016"]
[Source "ChessBase"]
[SourceDate "2015.10.08"]
[SourceVersion "1"]
[SourceVersionDate "2015.10.08"]
[SourceQuality "1"]

1. d4 d5 2. Nf3 Bg4 3. Ne5 Bh5 4. g3 e6 5. Bg2 Bd6 6. Nf3 c6 7. 0-0 f5 8. c4 Nf6 9. Qb3 Qc7 10. c5 Be7 11. Bf4 Qc8 12. Nc3 Bxf3 13. exf3 Nh5 14. Ne2 0-0 15. Qe3 Na6 16. a3 Re8 17. Be5 Bf6 18. g4 fxg4 19. fxg4 Bxe5 20. dxe5 Nf6 21. exf6 gxf6 22. Ng3 Qd8 23. Nh5 Qe7 24. Qh6 Rf8 25. b4 b6 26. Rae1 Rf7 27. g5 bxc5 28. gxf6 Qd6 29. Re3 1-0

[Event "VIE-ch U15"]
[Site "Ho Chi Minh City"]
[Date "2014.07.13"]
[Round "1"]
[White "Tran, Duc Anh"]
[Black "Le, Dang Hong Phuc"]
[Result "0-1"]
[WhiteElo "1868"]
[BlackElo "1912"]
[PlyCount "94"]
[EventDate "2014.07.13"]
[EventType "swiss"]
[EventRounds "9"]
[EventCountry "VIE"]
[SourceTitle "EXT 2016"]
[Source "ChessBase"]
[SourceDate "2015.10.08"]
[SourceVersion "1"]
[SourceVersionDate "2015.10.08"]
[SourceQuality "1"]

1. d4 Nf6 2. c4 c5 3. d5 g6 4. Nc3 Bg7 5. f3 d6 6. e4 0-0 7. Bd3 Nbd7 8. Nge2 Ne5 9. 0-0 a6 10. Bf4 Nxd3 11. Qxd3 Qc7 12. Rac1 Bd7 13. a3 Rfc8 14. Kh1 Rab8 15. b3 b5 16. Rb1 b4 17. axb4 Rxb4 18. Na2 Rb7 19. Bd2 a5 20. Rfc1 Rcb8 21. Rc2 Be8 22. Nec1 Nd7 23. f4 Nf6 24. h3 Bd7 25. Bc3 Bh6 26. Bxf6 exf6 27. Qf3 f5 28. Nc3 Bg7 29. g4 fxe4 30. Nxe4 a4 31. Re2 axb3 32. Rxb3 Rxb3 33. Nxb3 Ba4 34. Re3 Bxb3 35. Rxb3 Rxb3 36. Qxb3 Qe7 37. Qb1 Bd4 38. f5 gxf5 39. gxf5 Qh4 40. Kg2 Qf4 41. Qe1 Kf8 42. Qe2 Qxf5 43. Qg4 Qxg4+ 44. hxg4 Be5 45. g5 Kg7 46. Kf3 Kg6 47. Kg4 h6 0-1